<A> New Model for Determining the EOQ Under Changing Price Parameters and Reordering Time

Wilsonová formulácia zmien v dodávateľskom reťazci predstavovaných parametrami modelu, a to meniacimi sa nákladmi na doručenie a cenou skladovaného tovaru. Model na určovanie optimálnej veľkosti dodávky s kolísajúcou cenou. Ekonomické rozhodovanie a symetria v rozhodovacom procese. Wilsonova rovnica...

Description complète

Enregistré dans:
Détails bibliographiques
Auteur principal: Nestorenko, Tetyana
Autres auteurs: Morkunas, Mangirdas, Péliová, Jana, 1976-, Volkov, Artiom, Baležentis, Tomas, Streimkiene, Dalia
Format: Chapitre de livre
Langue:anglais
Sujets:
Tags: Ajouter un tag
Pas de tags, Soyez le premier à ajouter un tag!

MARC

LEADER 00000naa$a2200000$$$4500
001 0268783
005 20240502083806.3
041 0 |a eng 
044 |a CH 
245 1 0 |a <A> New Model for Determining the EOQ Under Changing Price Parameters and Reordering Time  |c Tetyana Nestorenko, Mangirdas Morkunas, Jana Péliová, Artiom Volkov, Tomas Baležentis, Dalia Streimkiene 
520 |a Wilsonová formulácia zmien v dodávateľskom reťazci predstavovaných parametrami modelu, a to meniacimi sa nákladmi na doručenie a cenou skladovaného tovaru. Model na určovanie optimálnej veľkosti dodávky s kolísajúcou cenou. Ekonomické rozhodovanie a symetria v rozhodovacom procese. Wilsonova rovnica. 
610 2 0 |a sklady 
610 2 0 |a náklady 
610 2 0 |a ceny 
610 2 0 |a reťazce dodávateľsko-odberateľské 
610 2 0 |a objednávky 
100 1 |a Nestorenko, Tetyana 
700 1 |a Morkunas, Mangirdas 
700 1 |a Péliová, Jana, 1976- 
700 1 |a Volkov, Artiom 
700 1 |a Baležentis, Tomas 
700 1 |a Streimkiene, Dalia